000
00325nam a2200133Ia 4500
008
240624s9999 xx 000 0 und d
041
_a
eng
082
_a
005.74 DAT
100
_a
DATE C J
245
_a
INTRODUCTION TO DATABASE SYSTEMS
260
_c
2003
_a
New Delhi
_b
Pearson Education
300
_a
xxii, : 938
365
_c
RS
999
_c
1869
_d
1869